Obchod průmyslovými výrobky Prozatímní dohoda s EU po třech létech

Obchodnopolitický režim upravujúci výmenu tovaru medzi ČR a štátmi Európskej únie stanovuje Dočasná dohoda o obchode a otázkach súvisiacich s obchodom medzi ČSFR a ES, modifikovaná pre ČR Dodatkovým protokolom. Colné zvýhodnenia pre českých vývozcov a dovozcov a niektoré obmedzenia, ktoré patria k p...

Descripción completa

Guardado en:
Detalles Bibliográficos
Autor principal: Hnídková, A.
Formato: Capítulo de libro
Lenguaje:checo
Materias:
Etiquetas: Agregar Etiqueta
Sin Etiquetas, Sea el primero en etiquetar este registro!

MARC

LEADER 00000naa a2200000 4500
001 r024150
005 20221213082817.7
041 0 |a cze 
044 |a CZ 
245 1 0 |a Obchod průmyslovými výrobky  |b Prozatímní dohoda s EU po třech létech  |c A. Hnídková 
520 |a Obchodnopolitický režim upravujúci výmenu tovaru medzi ČR a štátmi Európskej únie stanovuje Dočasná dohoda o obchode a otázkach súvisiacich s obchodom medzi ČSFR a ES, modifikovaná pre ČR Dodatkovým protokolom. Colné zvýhodnenia pre českých vývozcov a dovozcov a niektoré obmedzenia, ktoré patria k prijatému režimu. Vývoz do EU. Dovoz do ČR. Colné preferencie. Množstevné limity. 
610 2 0 |a politika zahraničnoobchodná 
610 2 0 |a dohody obchodné medzinárodné 
610 2 0 |a Európska únia 
610 2 0 |a Česko 
610 2 0 |a vývoz 
610 2 0 |a dovoz 
610 2 0 |a clá preferenčné 
100 1 |a Hnídková, A.